Click the 'N' Bordering Countries (Pic Click) Quiz Stats

Quiz not verified by Sporcle

Score 0/23 Timer 04:00
0 Plays Today
% Correct
Chad
95.1%
China
94.9%
Honduras
94.8%
Costa Rica
94.5%
Algeria
93.4%
Mali
93.2%
Cameroon
92.9%
Botswana
92%
Libya
91.8%
Angola
91.6%
Benin
91%
Niger
90.9%
% Correct
Nigeria
90.5%
South Africa
90.1%
Burkina Faso
88.6%
Russia
86.5%
Sweden
85.7%
India
84.2%
Finland
82.6%
Zambia
82.5%
Belgium
81.1%
Germany
80.8%
South Korea
80%

You're not logged in!

Compare scores with friends on all Sporcle quizzes.
Join for Free
OR
Log In

You Might Also Like...

Show Comments

Extras

Top Quizzes Today


Score Distribution

Your Account Isn't Verified!

In order to create a playlist on Sporcle, you need to verify the email address you used during registration. Go to your Sporcle Settings to finish the process.

Report this User

Report this user for behavior that violates our Community Guidelines.

Details: